[Event "GER OL-267 email"]
[Site "GER email"]
[Date "2012.??.??"]
[Round "?"]
[White "Kahlen, Eduard"]
[Black "Richter, Frank"]
[Result "1-0"]
[WhiteElo "1831"]
[BlackElo "1640"]
[PlyCount "59"]
[EventDate "2011.??.??"]
[EventType "tourn (corr)"]
[EventRounds "6"]
[EventCountry "GER"]
[SourceTitle "Corr 2015"]
[Source "ChessBase"]
[SourceDate "2015.07.17"]
[SourceVersion "1"]
[SourceVersionDate "2015.07.17"]
[SourceQuality "1"]

1. d4 d5 2. c4 e6 3. Nf3 Nf6 4. g3 Bb4+ 5. Bd2 Nc6 6. Bxb4 Nxb4 7. Qa4+ Nc6 8. Nc3 Qd6 9. Ne5 Qb4 10. Qxb4 Nxb4 11. Rc1 Bd7 12. cxd5 Nfxd5 13. Nxd5 Nxd5 14. e4 Nb4 15. Rxc7 Bc6 16. Rxf7 0-0-0 17. Nxc6 Nxc6 18. Bh3 Rxd4 19. Bxe6+ Kb8 20. Bd5 Ne5 21. Rxb7+ Kc8 22. Rxa7 Nf3+ 23. Ke2 Rf8 24. Ra8+ Kc7 25. Rxf8 Ne5 26. Rc1+ Kd6 27. f4 Nd7 28. Rc6+ Ke7 29. Rf7+ Kd8 30. Rd6 1-0

[Event "GER OL-267 email"]
[Site "GER email"]
[Date "2012.??.??"]
[Round "?"]
[White "Schoenberger, Kay"]
[Black "Kahlen, Eduard"]
[Result "1-0"]
[WhiteElo "1640"]
[BlackElo "1831"]
[PlyCount "65"]
[EventDate "2011.??.??"]
[EventType "tourn (corr)"]
[EventRounds "6"]
[EventCountry "GER"]
[SourceTitle "Corr 2015"]
[Source "ChessBase"]
[SourceDate "2015.07.17"]
[SourceVersion "1"]
[SourceVersionDate "2015.07.17"]
[SourceQuality "1"]

1. d4 Nf6 2. c4 g6 3. Nc3 d5 4. Nf3 Bg7 5. cxd5 Nxd5 6. e4 Nxc3 7. bxc3 c5 8. Be2 Nc6 9. d5 Bxc3+ 10. Bd2 Bxa1 11. Qxa1 Nd4 12. Nxd4 cxd4 13. Qxd4 f6 14. 0-0 0-0 15. Rb1 e5 16. Qe3 Rf7 17. Bc4 Rc7 18. Qd3 Kg7 19. h3 b6 20. f4 exf4 21. Bxf4 Bb7 22. Qd4 Rac8 23. Bb3 Rd7 24. Rf1 b5 25. Bg5 Rf7 26. d6 Rf8 27. d7 Ra8 28. Bf4 Qb6 29. Qxb6 axb6 30. e5 fxe5 31. Bxe5+ Kh6 32. Rxf8 Rxf8 33. Bf6 1-0

[Event "GER OL-262 email"]
[Site "GER email"]
[Date "2011.??.??"]
[Round "?"]
[White "Kahlen, Eduard"]
[Black "Weber, Achim"]
[Result "1/2-1/2"]
[WhiteElo "1828"]
[BlackElo "1830"]
[PlyCount "68"]
[EventDate "2011.??.??"]
[EventType "tourn (corr)"]
[EventRounds "6"]
[EventCountry "GER"]
[SourceTitle "Corr 2015"]
[Source "ChessBase"]
[SourceDate "2015.07.17"]
[SourceVersion "1"]
[SourceVersionDate "2015.07.17"]
[SourceQuality "1"]
[WhiteTeam "Germany"]
[BlackTeam "Germany"]
[WhiteTeamCountry "GER"]
[BlackTeamCountry "GER"]

1. d4 Nf6 2. Nf3 d5 3. c4 e6 4. g3 Be7 5. Bg2 0-0 6. 0-0 dxc4 7. Qc2 a6 8. a4 Bd7 9. Qxc4 Bc6 10. Bg5 Bd5 11. Qd3 c5 12. Nc3 cxd4 13. Nxd5 Qxd5 14. Qxd4 Nc6 15. Qxd5 Nxd5 16. Bxe7 Ncxe7 17. Rfd1 Rfd8 18. Rac1 Rac8 19. Rxc8 Rxc8 20. e4 Nf6 21. Ne5 h6 22. b4 Nc6 23. Nxc6 Rxc6 24. e5 Nd5 25. Bxd5 exd5 26. Rxd5 Rc4 27. Rd8+ Kh7 28. Rd7 Rxb4 29. Rxf7 b6 30. Rb7 Rxa4 31. Rxb6 Re4 32. f4 g5 33. Rxa6 gxf4 34. Re6 fxg3 1/2-1/2